000 00550nam a2200169 i 4500
001 98290
003 ES-MaACL
005 20230906182242.0
007 t|
008 050727s1953 sp ||||1| spa d
100 1 _aMarshall, Edison.
_977131
245 1 0 _aShikar y safari
_b: cacerías en la jungla y en el Veldt /
_cEdison Marshall; [versión española de Juan A. G. Larraya].
260 _aBarcelona :
_bMolino-Ponsa,
_c1953.
300 _a189 p. :
_bil. ;
_c22 cm.
700 1 _aLarraya, Juan A. G.
_970325
852 _aES-MaACL
_jC-6540
_bR.35698
999 _c98290
_d98290